[Event "Olympiad Women-44"]
[Site "Chennai"]
[Date "2022.07.30"]
[Round "2.2"]
[White "Benson, Maud"]
[Black "Bwalya Mulwale, Lubuuto"]
[Result "0-1"]
[WhiteElo "1334"]
[BlackElo "1751"]
[PlyCount "130"]
[EventDate "2022.07.29"]
[EventType "team-swiss"]
[EventRounds "11"]
[EventCountry "IND"]
[SourceTitle "CBM 210"]
[Source "ChessBase"]
[SourceDate "2022.10.31"]
[SourceVersion "1"]
[SourceVersionDate "2022.10.31"]
[SourceQuality "1"]
[WhiteTeam "Ghana (W)"]
[BlackTeam "Zambia (W)"]
[WhiteTeamCountry "GHA"]
[BlackTeamCountry "ZAM"]

1. d4 d5 2. c4 e6 3. Nc3 Nf6 4. Bg5 Nbd7 5. e3 c6 6. Bd3 Qa5 7. cxd5 exd5 8. Qc2 Bb4 9. Nge2 0-0 10. 0-0 Re8 11. a3 Bd6 12. b4 Qc7 13. Bf4 Nf8 14. b5 Bxf4 15. Nxf4 Qd6 16. bxc6 bxc6 17. Na4 Ne6 18. Nxe6 fxe6 19. Rfc1 Bd7 20. Nc5 Rec8 21. Rab1 Be8 22. Rb7 e5 23. dxe5 Qxe5 24. Bf5 Rcb8 25. Be6+ Kh8 26. Qf5 Qd6 27. Qb1 Bg6 28. Qb2 a5 29. a4 Rxb7 30. Qxb7 Rb8 31. Qa7 Ne4 32. Nxe4 dxe4 33. g3 Rd8 34. Qxa5 Rf8 35. Bg4 Qf6 36. Qd2 h5 37. Bh3 h4 38. a5 hxg3 39. fxg3 Rd8 40. Qc3 Qg5 41. Qc5 Rd5 42. Qf8+ Kh7 43. Qf4 Qd8 44. Rxc6 Qxa5 45. Rc1 Qd2 46. Rf1 Rh5 47. Bg2 Rf5 48. Qh4+ Kg8 49. Rxf5 Bxf5 50. Qf4 Qe1+ 51. Bf1 Bh3 52. g4 Bxf1 53. Qxf1 Qxe3+ 54. Qf2 Qd3 55. Qa2+ Kh7 56. Qg2 e3 57. Qh3+ Kg8 58. Qf3 Qd4 59. Qe2 Qf4 60. Kg2 Qe4+ 61. Kg3 Kh7 62. h3 Kh6 63. h4 Kg6 64. Qf3 Qe5+ 65. Qf4 Qxf4+ 0-1

[Event "Tema op 7th"]
[Site "Tema"]
[Date "2022.01.08"]
[Round "5"]
[White "Benson, Maud"]
[Black "Hushie, Carlton"]
[Result "1/2-1/2"]
[WhiteElo "1283"]
[BlackElo "1564"]
[PlyCount "69"]
[EventDate "2022.01.07"]
[EventType "swiss"]
[EventRounds "7"]
[EventCountry "GHA"]
[SourceTitle "EXT 2023"]
[Source "ChessBase"]
[SourceDate "2022.10.05"]
[SourceVersion "1"]
[SourceVersionDate "2022.10.05"]
[SourceQuality "1"]

1. d4 d5 2. c4 e6 3. Nc3 c6 4. Nf3 f5 5. Bf4 Nf6 6. e3 Be7 7. cxd5 exd5 8. Rb1 0-0 9. b4 a6 10. Be2 Nbd7 11. a4 Ne4 12. Qc1 Ndf6 13. Nxe4 fxe4 14. Ne5 Nd7 15. b5 axb5 16. axb5 Qa5+ 17. Kf1 Nxe5 18. Bxe5 Bd7 19. bxc6 bxc6 20. g4 Qa3 21. Kg2 Bh4 22. Rf1 Qe7 23. Rb7 Rf7 24. f4 exf3+ 25. Rxf3 Raf8 26. e4 Qg5 27. Rxf7 Rxf7 28. Rb8+ Rf8 29. Rxf8+ Kxf8 30. exd5 Bxg4 31. Qc5+ Kf7 32. Bxg4 Qxg4+ 33. Bg3 Bxg3 34. hxg3 Qe4+ 35. Kh3 1/2-1/2

[Event "Online Olym Div3 E"]
[Site "Chess.com INT"]
[Date "2021.08.28"]
[Round "6.5"]
[White "Martinez Gutierrez, Camila Renata"]
[Black "Benson, Maud"]
[Result "1-0"]
[WhiteElo "1238"]
[BlackElo "1265"]
[PlyCount "121"]
[EventDate "2021.08.27"]
[EventType "team-tourn (rapid)"]
[EventRounds "9"]
[EventCountry "USA"]
[SourceTitle "CBM 204 Extra"]
[Source "ChessBase"]
[SourceDate "2021.11.30"]
[SourceVersion "1"]
[SourceVersionDate "2021.11.30"]
[SourceQuality "1"]
[WhiteTeam "Nicaragua"]
[BlackTeam "Ghana"]
[WhiteTeamCountry "NCA"]
[BlackTeamCountry "GHA"]

1. d4 g6 2. Bf4 Nf6 3. Nf3 Bg7 4. e3 0-0 5. Bd3 d6 6. 0-0 Nbd7 7. c4 Re8 8. Nc3 e5 9. dxe5 dxe5 10. Bg5 h6 11. Bxf6 Nxf6 12. Bc2 Bg4 13. h3 Qxd1 14. Bxd1 Bxf3 15. Bxf3 e4 16. Be2 Nd7 17. Rad1 Rad8 18. Nd5 c6 19. Nc3 Bxc3 20. bxc3 Nc5 21. Rd4 Na4 22. Rc1 c5 23. Rd5 b6 24. Kf1 Kg7 25. Rc2 Kf6 26. Ke1 Ke6 27. Rcd2 Rxd5 28. cxd5+ Ke5 29. Bb5 Rd8 30. Bxa4 Rxd5 31. Rxd5+ Kxd5 32. Bb3+ c4 33. Bc2 f5 34. Ke2 b5 35. a3 a5 36. f3 exf3+ 37. gxf3 Kc5 38. e4 fxe4 39. fxe4 g5 40. Kf3 b4 41. axb4+ axb4 42. cxb4+ Kxb4 43. Ke2 Kc5 44. Ke3 Kd6 45. Kd4 c3 46. Kxc3 Ke5 47. Kd3 h5 48. Bd1 h4 49. Ke3 Ke6 50. Bg4+ Ke5 51. Kd3 Kd6 52. Kd4 Ke7 53. Kd5 Ke8 54. Kd6 Kd8 55. e5 Ke8 56. Bh5+ Kd8 57. e6 g4 58. hxg4 h3 59. e7+ Kc8 60. e8Q+ Kb7 61. Qe1 1-0

[Event "Olympiad Women-43"]
[Site "Batumi"]
[Date "2018.09.28"]
[Round "5.68"]
[White "Rawan, Eyhab"]
[Black "Benson, Maud"]
[Result "1-0"]
[WhiteElo "1568"]
[BlackElo "1334"]
[PlyCount "107"]
[EventDate "2018.09.24"]
[EventType "team-swiss"]
[EventRounds "11"]
[EventCountry "GEO"]
[SourceTitle "EXT 2020"]
[Source "ChessBase"]
[SourceDate "2019.10.17"]
[SourceVersion "1"]
[SourceVersionDate "2019.10.17"]
[SourceQuality "1"]
[WhiteTeam "Sudan (W)"]
[BlackTeam "Ghana (W)"]
[WhiteTeamCountry "SUD"]
[BlackTeamCountry "GHA"]

1. d4 Nf6 2. Bf4 e6 3. Nf3 d5 4. e3 Nbd7 5. Bd3 b6 6. 0-0 Bb7 7. Nbd2 Be7 8. h3 0-0 9. c3 Rc8 10. a4 c5 11. a5 c4 12. Be2 b5 13. Ne5 Re8 14. Ndf3 Ne4 15. Nd2 Nxe5 16. Bxe5 Nxd2 17. Qxd2 Bd6 18. Bxd6 Qxd6 19. Bf3 a6 20. Qc2 e5 21. dxe5 Qxe5 22. Rfd1 Red8 23. Rd4 Rd6 24. Rad1 Rcd8 25. Qd2 Bc6 26. e4 b4 27. cxb4 Ba4 28. Ra1 dxe4 29. Rxe4 Qxe4 30. Qxd6 Rxd6 31. Bxe4 Bb5 32. Rc1 g6 33. Rc2 f5 34. Bf3 Kg7 35. Be2 Rd4 36. Kf1 Kf6 37. Ke1 Ke5 38. Rc3 g5 39. b3 f4 40. Bxc4 Re4+ 41. Kd2 Rd4+ 42. Kc2 Bxc4 43. bxc4 h6 44. b5 axb5 45. cxb5 Ra4 46. b6 Rxa5 47. b7 Rb5 48. Rb3 Rxb7 49. Rxb7 Kf5 50. Kd3 h5 51. Rb5+ Kf6 52. Ke4 h4 53. Rb6+ Ke7 54. Kf5 1-0